Контракт артистки Луизы Лефевр (Louise Lexure)

Доступно только в Электронных читальных залах Найти на картеНа карте
RUSMARC
00003615nmc2a22000003x 450
0012a3db917-6157-4921-a307-3f954664be7c
00520181008200734.0
100##$a20161219l18201820k l0rusy0189 ca
1010#$arus
$afre
102##$aRU
2001#$aКонтракт артистки Луизы Лефевр (Louise Lexure)
$j26 января 1820 г.
251##$cДело
300##$aНа русском и французском языках
801#0$aRU
$bРГИА
$c20161219
$gRCR
801#1$aRU
$bГлавНИВЦ
$c20161219
$2rusmarc
801#2$aRU
$bПБ им. Б.Н. Ельцина
$c20181008
$gRCR
$2rusmarc
850##$aРГИА
852##$aРГИА
$eФедеральное казенное учреждение "Российский государственный исторический архив" (РГИА)
$j1988
937##$hРГИА
$d12237263
$aASBIBLIO_SCAN
462#0$1001dd3991dc-24e1-42ec-8838-ca4255420416
$12001
$a1746-1850 гг.
$1251
$cОпись
$1852
$j1
461#0$10019264ebf8-de62-4f1a-9eb4-9f22098dbbd5
$12001
$aДирекция императорских театров МИДв
$1251
$cФонд
$1852
$j497
215##$a4 л.
$d36,5х26 см
371##$aДокумент не является опубликованным и широко распространяемым
105##$ay###
1220#$ad
035##$a2a3db917-6157-4921-a307-3f954664be7c
856##$uhttp://readingroom.main.prlib.ru/item.aspx?id_node=n119044093&mode=full
Формат отображения